000 00791nam a2200205Ia 4500
003 GCL
008 140319s9999 xx 000 0 ara d
040 _aGCL /
_cGCL
082 0 4 _aق
_b962.06
_bا ث
100 1 _aاحمد صدقى الدجانى
245 1 0 _aثورة 23 يوليو قضايا الحاضر وتحديات المستقبل بحوث ومناقشات الندوة الفكرية التى نظمتها دار المستقبل العربى /
_cاحمد صدقى الدجانى
700 1 _aاحمد بهاءالدين
700 1 _aابراهيم صقر
260 _a[S.N] :
_bدار المستقبل العربى ،
_c1987
300 _a900 ص
490 _a
650 0 4 _aالقضايا السياسية
650 0 4 _aثورة 23 يوليو 1952
942 _2ddc
_cBK
999 _c51315
_d51315